| 000 | 00945nas a2200277 i 4500 | ||
|---|---|---|---|
| 001 | 2829 | ||
| 003 | ES-MaACL | ||
| 005 | 20251105122736.0 | ||
| 007 | t| | ||
| 008 | 001220d19951996sp f| | 0 ||pa d | ||
| 022 | _a1135-4747 | ||
| 080 | _a396 | ||
| 245 | 0 | 0 |
_aBoletín / _cAgrupación Ateneísta de Estudios sobre la Mujer Clara Campoamor. |
| 246 | 1 | 3 | _aBoletín de la Agrupación Ateneísta de Estudios sobre la Mujer Clara Campoamor |
| 260 |
_aMadrid : _bAgrupación Ateneísta de Estudios sobre la Mujer Clara Campoamor, _c1995-1996. |
||
| 300 |
_a1 v. ; _c30 cm. |
||
| 310 | _aSemestral | ||
| 362 | 0 | _aNº 1 (jun. 1995) - nº 4 (diciembre 1996) | |
| 650 | 1 | 7 |
_aFeminismo _2embne _912744 |
| 710 | 2 |
_aAgrupación Ateneísta de Estudios sobre la Mujer Clara Campoamor _91276 |
|
| 710 | 2 |
_aAteneo de Madrid. _91875 _eedt |
|
| 852 |
_aES-MaACL _jHem-1998 |
||
| 866 | 0 | _o1995-1996 | |
| 942 | _2udc | ||
| 999 |
_c2829 _d2829 |
||